| 000 | 00568nam a2200193Ia 4500 | ||
|---|---|---|---|
| 003 | GCL | ||
| 008 | 140319s9999 xx 000 0 ara d | ||
| 040 |
_aGCL / _cGCL |
||
| 082 | 0 | 4 |
_a813.01 _bف ا |
| 100 | 1 | _aاسعد حليم | |
| 245 | 1 | 0 |
_aامل لايموت / _cاسعد حليم |
| 700 | 1 | _aقيدا هارت | |
| 260 |
_a[S.N] : _bدار الموقف العربى للصحافة والنشر والتوزيع ، _c1984 |
||
| 300 | _a200 ص | ||
| 490 | _a | ||
| 650 | 0 | 4 | _aالادب العربى |
| 650 | 0 | 4 | _aالقصة القصيرة |
| 942 |
_2ddc _cBK |
||
| 999 |
_c27705 _d27705 |
||